Traité du désespoir

Zapisane w:
Opis bibliograficzny
1. autor: Kierkegaard, Sören
Format: Książka
Język:Undetermined
Wydane: Unión de Repúblicas Socialistas Soviéticas Gallimard 1949
Hasła przedmiotowe:
Etykiety: Dodaj etykietę
Nie ma etykietki, Dołącz pierwszą etykiete!

MARC

LEADER 00000nam a2200000Ia 4500
008 170316s9999 xx 000 0 und d
090 |a 100 K-9t 
100 |a Kierkegaard, Sören 
245 |a Traité du désespoir 
260 |a Unión de Repúblicas Socialistas Soviéticas 
260 |b Gallimard 
260 |c 1949 
300 |a 252 páginas 
650 |a FILOSOFÍA 
999 |c 16710  |d 16710 
040 |a cru BVZT 
942 |c 15 D  |h 100 K-9t  |2 z